[Event "Guimaraes op"]
[Site "Guimaraes"]
[Date "2017.09.02"]
[Round "1"]
[White "Monteiro, Tomas Alexandre"]
[Black "Pinho, Paulo Miguel"]
[Result "0-1"]
[WhiteElo "1292"]
[BlackElo "2179"]
[PlyCount "56"]
[EventDate "2017.09.02"]
[EventType "swiss"]
[EventRounds "7"]
[EventCountry "POR"]
[SourceTitle "CBM 180 Extra"]
[Source "ChessBase"]
[SourceDate "2017.10.06"]
[SourceVersion "1"]
[SourceVersionDate "2017.10.06"]
[SourceQuality "1"]

1. e4 c5 2. Nc3 e6 3. f4 Be7 4. Nf3 d5 5. e5 Nh6 6. d4 Nf5 7. Ne2 Nc6 8. c3 Qb6 9. g4 Nh4 10. Kf2 cxd4 11. cxd4 Bd7 12. Bh3 Rc8 13. Nxh4 Bxh4+ 14. Kg2 f6 15. g5 fxg5 16. fxg5 0-0 17. Be3 Nxe5 18. b3 Nf3 19. g6 h6 20. Nf4 Ng5 21. Bg4 Rc3 22. Bd2 Qxd4 23. Rf1 Qe4+ 24. Kg1 Bc6 25. Bxe6+ Nxe6 26. Nxe6 Qxg6+ 27. Ng5 Rxf1+ 28. Kxf1 Qf5+ 0-1

[Event "POR-ch U14"]
[Site "Luso"]
[Date "2017.04.11"]
[Round "6"]
[White "Monteiro, Tomas Alexandre"]
[Black "Marques, Luis Filipe Ribeiro"]
[Result "1/2-1/2"]
[WhiteElo "1250"]
[BlackElo "1234"]
[PlyCount "73"]
[EventDate "2017.04.08"]
[EventType "swiss"]
[EventRounds "8"]
[EventCountry "POR"]
[SourceTitle "EXT 2018"]
[Source "ChessBase"]
[SourceDate "2017.10.13"]
[SourceVersion "1"]
[SourceVersionDate "2017.10.13"]
[SourceQuality "1"]

1. e4 e5 2. Nf3 Nf6 3. Nxe5 d6 4. Nf3 Nxe4 5. Nc3 Nxc3 6. dxc3 Bg4 7. Be3 Nc6 8. h3 Bh5 9. g4 Bg6 10. Qd2 Qd7 11. Bb5 a6 12. Ba4 Be4 13. Bxc6 Bxc6 14. Qe2 0-0-0 15. Rg1 Bxf3 16. Qxf3 Re8 17. 0-0-0 f6 18. Rd4 Qe6 19. Kb1 c6 20. c4 c5 21. Rf4 Be7 22. Qd5 Qxd5 23. cxd5 Bd8 24. Re1 Ba5 25. c3 Re5 26. Rd1 Rhe8 27. Kc2 Kc7 28. b3 Rf8 29. a3 g6 30. b4 cxb4 31. cxb4 Bb6 32. Bxb6+ Kxb6 33. Kb3 f5 34. g5 Rfe8 35. Rh4 R8e7 36. Rdd4 Re2 37. Rhf4 1/2-1/2

[Event "POR-ch U14"]
[Site "Luso"]
[Date "2017.04.10"]
[Round "5"]
[White "Ribeiro, Orlando Camilo Duar"]
[Black "Monteiro, Tomas Alexandre"]
[Result "1-0"]
[WhiteElo "1400"]
[BlackElo "1250"]
[PlyCount "81"]
[EventDate "2017.04.08"]
[EventType "swiss"]
[EventRounds "8"]
[EventCountry "POR"]
[SourceTitle "EXT 2018"]
[Source "ChessBase"]
[SourceDate "2017.10.13"]
[SourceVersion "1"]
[SourceVersionDate "2017.10.13"]
[SourceQuality "1"]

1. e4 e6 2. d4 d5 3. Nc3 Nf6 4. e5 Nfd7 5. f4 c5 6. Nf3 Nc6 7. Be3 a6 8. Qd2 cxd4 9. Nxd4 Bc5 10. Nxc6 bxc6 11. Bxc5 Nxc5 12. b4 Nd7 13. Na4 0-0 14. Be2 Qe7 15. 0-0 c5 16. bxc5 Nxc5 17. Qb4 Bd7 18. Qxc5 Qxc5+ 19. Nxc5 Bb5 20. Bxb5 axb5 21. Nb3 Rfc8 22. Nd4 b4 23. Kf2 Rc4 24. Ke3 Ra3+ 25. Nb3 Rxc2 26. Rfc1 Rxc1 27. Rxc1 h6 28. Rc2 Kh7 29. Kd4 Kg6 30. Kc5 Ra8 31. Kxb4 Rb8+ 32. Kc3 Kf5 33. g3 g5 34. fxg5 hxg5 35. Nd4+ Kg6 36. a4 Ra8 37. Kb4 Kg7 38. Nc6 Kf8 39. a5 Ke8 40. Kb5 Kd7 41. Kb6 1-0

[Event "POR-ch U14"]
[Site "Luso"]
[Date "2016.07.22"]
[Round "4"]
[White "Monteiro, Tomas Alexandre"]
[Black "Silva, Nuno Lynce"]
[Result "0-1"]
[WhiteElo "1203"]
[BlackElo "1313"]
[PlyCount "114"]
[EventDate "2016.07.20"]
[EventType "swiss"]
[EventRounds "7"]
[EventCountry "POR"]
[SourceTitle "EXT 2018"]
[Source "ChessBase"]
[SourceDate "2017.10.13"]
[SourceVersion "1"]
[SourceVersionDate "2017.10.13"]
[SourceQuality "1"]

1. d4 d5 2. c4 e6 3. Nc3 Nf6 4. Bg5 Nbd7 5. Nf3 Be7 6. e3 b6 7. cxd5 exd5 8. Bd3 Bb7 9. 0-0 0-0 10. Rc1 Rc8 11. Qc2 h6 12. Bh4 c5 13. Qd2 c4 14. Bb1 a6 15. Rfe1 Re8 16. a3 b5 17. Bg3 b4 18. axb4 Bxb4 19. Qd1 a5 20. Bc2 Qb6 21. Rb1 Bc6 22. Ba4 Bxa4 23. Qxa4 Qa6 24. Rec1 Nb6 25. Qd1 Red8 26. Ne1 g6 27. Nc2 Nh5 28. Nxb4 axb4 29. Ra1 Qb7 30. Na4 Nxa4 31. Rxa4 Nxg3 32. hxg3 b3 33. Qe1 Ra8 34. Raa1 Ra7 35. Rxa7 Qxa7 36. Ra1 Qb7 37. Ra5 Ra8 38. Qa1 Rxa5 39. Qxa5 Qc6 40. Kf1 Qe6 41. Ke2 Qe4 42. f3 Qd3+ 43. Kf2 Qc2+ 44. Kf1 Qc1+ 45. Kf2 Qxb2+ 46. Kg1 Qb1+ 47. Kh2 Qf5 48. g4 Qe6 49. Qb5 Qxe3 50. Qxd5 b2 51. Qd8+ Kg7 52. Qb6 Qf4+ 53. Kh3 c3 54. g3 Qxf3 55. Kh2 Qf2+ 56. Kh3 Qf1+ 57. Kh2 b1Q 0-1